African-Americans in the thirteen colonies / (Record no. 342)

MARC details
000 -LEADER
fixed length control field 01318nam a22003737a 4500
001 - CONTROL NUMBER
control field 342
003 - CONTROL NUMBER IDENTIFIER
control field FISKH
005 - DATE AND TIME OF LATEST TRANSACTION
control field 20260420154932.0
008 - FIXED-LENGTH DATA ELEMENTS--GENERAL INFORMATION
fixed length control field 230328b cb ||||| |||| 00| 0 eng d
020 ## - INTERNATIONAL STANDARD BOOK NUMBER
International Standard Book Number 9780516200651
040 ## - CATALOGING SOURCE
Original cataloging agency DLC
Transcribing agency DLC
Modifying agency DLC
-- FISKH
Language of cataloging eng
042 ## - AUTHENTICATION CODE
Authentication code lcac
043 ## - GEOGRAPHIC AREA CODE
Geographic area code n-us---
050 00 - LIBRARY OF CONGRESS CALL NUMBER
Classification number E446
Item number .K37 1996
082 00 - DEWEY DECIMAL CLASSIFICATION NUMBER
Classification number 973/.0496073
Edition number 20
100 1# - MAIN ENTRY--PERSONAL NAME
Personal name Kent, Deborah.
245 10 - TITLE STATEMENT
Title African-Americans in the thirteen colonies /
Statement of responsibility, etc. Deborah Kent.
260 ## - PUBLICATION, DISTRIBUTION, ETC.
Place of publication, distribution, etc. New York :
Name of publisher, distributor, etc. Childrens Press,
Date of publication, distribution, etc. 1996.
300 ## - PHYSICAL DESCRIPTION
Extent 30 pages :
Other physical details color illustrations ;
Dimensions 25 cm.
440 #0 - SERIES STATEMENT/ADDED ENTRY--TITLE
Title Cornerstones of freedom
500 ## - GENERAL NOTE
General note Includes index.
505 ## - FORMATTED CONTENTS NOTE
Formatted contents note U
520 ## - SUMMARY, ETC.
Summary, etc. Presents a brief history of Afro-Americans and of slavery in seventeenth and eighteenth century America.
521 8# - TARGET AUDIENCE NOTE
Target audience note 990 <br/>
Source Lexile
521 8# - TARGET AUDIENCE NOTE
Target audience note U <br/>
Source Raz-Plus
650 #0 - SUBJECT ADDED ENTRY--TOPICAL TERM
Topical term or geographic name entry element African Americans
General subdivision History
Chronological subdivision 17th century
General subdivision Juvenile literature.
650 #0 - SUBJECT ADDED ENTRY--TOPICAL TERM
Topical term or geographic name entry element African Americans
General subdivision History
Chronological subdivision 18th century
General subdivision Juvenile literature.
650 #0 - SUBJECT ADDED ENTRY--TOPICAL TERM
Topical term or geographic name entry element Slavery
Geographic subdivision United States
General subdivision History
Chronological subdivision 17th century
General subdivision Juvenile literature.
650 #0 - SUBJECT ADDED ENTRY--TOPICAL TERM
Topical term or geographic name entry element Slavery
Geographic subdivision United States
General subdivision History
Chronological subdivision 18th century
General subdivision Juvenile literature.
650 #1 - SUBJECT ADDED ENTRY--TOPICAL TERM
Topical term or geographic name entry element African Americans
General subdivision History.
650 #1 - SUBJECT ADDED ENTRY--TOPICAL TERM
Topical term or geographic name entry element Slavery.
906 ## - LOCAL DATA ELEMENT F, LDF (RLIN)
a 7
b cbc
c orignew
d 1
e ocip
f 19
g y-gencatlg
942 ## - ADDED ENTRY ELEMENTS (KOHA)
Source of classification or shelving scheme Dewey Decimal Classification
Koha item type Books
Suppress in OPAC No
Holdings
Withdrawn status Lost status Source of classification or shelving scheme Damaged status Not for loan Collection Home library Current library Shelving location Date acquired Total Checkouts Full call number Barcode Date last seen Copy number Price effective from Koha item type
    Dewey Decimal Classification     Non-Fiction Footprints International School Library Network Toul Kork Campus Footprints International School Library Network Toul Kork Campus A TK Campus, 4th Floor, Room B401, Fiction Bookcases (1-6) 03/28/2023   KEN 973.0496073 E446.K37 FISTK05584 03/28/2023 1 03/28/2023 Books
    Dewey Decimal Classification     Non-Fiction Footprints International School Library Network Toul Tom Poung Campus Footprints International School Library Network Toul Tom Poung Campus TTP Secondary Fiction Bookshelves 03/28/2023   KEN 973.0496073 E446.K37 FISTK04823 05/08/2024 2 03/28/2023 Books
    Dewey Decimal Classification     Non-Fiction Footprints International School Library Network Toul Tom Poung Campus Footprints International School Library Network Toul Tom Poung Campus TTP Secondary Fiction Bookshelves 03/31/2026   KEN 973.0496073 E446.K37 FISSE00877 03/31/2026 3 03/31/2026 Books